000
00312 a2200133 4500
005
20250526133832.0
020
_a
0-7715-0872-7
082
_a
658.8 FRA
100
_a
FRASER, R. G.
245
_a
Marketing.
260
_a
Agincourt,
_b
Gage,
_c
1977.
300
_a
200p.: ill.; picture
_b
Index
_c
23cm.
942
_2
ddc
_c
BKS
999
_c
2672
_d
2672